000 00528nam a2200205Ia 4500
008 151119s9999||||xx |||||||||||||| ||und||
082 _a891.46308
082 _bGKKV12566
100 _aभेंडे सुभाष
245 _aहलक फुलक
260 _a--
260 _b--
260 _c1997
300 _a160Pp.
600 _aभेंडे सुभाष
630 _aहलक फुलक
700 _aभेंडे सुभाष
730 _aहलक फुलक
942 _cBOOK
999 _c1066407
_d1066404